Pekin Express - QCM - Les candidats - Statistiques

Statistiques générales
  • Ce quiz a été pris 140 fois
  • Le résultat moyen est 11 sur 20
Statistiques - réponses
Question Réponse % Correct
Le plus vieux candidat de la 13e saison avait 82 ans, il s'appelait Maurice
94%
La personnalité qui gagne la 16e édition avec Anaïs est... Inès Reg
92%
Quel pays n'est pas représenté par des candidats lors de la 10e saison ? Canada
81%
Quel lien uni les vainqueurs de la 17e édition ? Patron et employée
78%
Que sont Christina et Didier les vainqueurs de la 11e édition ? Employeur et employé
75%
Lors de la 12e saison, en Amérique du sud, ont gagné deux soeurs
72%
Comment la production appelait-elle Cécilia et Matthieu vainqueurs de la 444e édition ? Le couple de sportifs
67%
Comment sont surnommés Jean-Pierre et François vainqueurs de la 7e édition ? Les bourgeois
64%
La 1ère saison a été remportée par Fathi et Medi, ils étaient... Amis
61%
Les amoureux voyageurs qui gagnent la 9e saison sont Salim et Linda
58%
Nadine et Sylvie qui gagnent la 2e saison sont Cousines
53%
Albert et Laurence, les amoureux sportifs, ont gagné l'édition appelé La route des dragons
53%
Gérard et Cédric qui ont gagné la 3e saison venaient de Nice
47%
Le binôme d'inconnus de la 14e saison a été éliminé à la fin de la 1ère étape
44%
Lors d'une de ces saisons, les participants n'avaient jamais joué... Laquelle ? 6e
39%
De la 1ère à la 17e édition combien de femmes ont pris part au jeu 122
33%
De la 1ère à la 17e édition combien d'hommes ont pris part au jeu 122
31%
Qui n'a pas été le passager mystère imposé aux candidats lors de la 8e édition ? Valérie Damidot
31%
Les vainqueurs de la 15e édition ont remporté plusieurs étapes sur celles faisant l'objet d'un classement... Combien ? 6 sur 7
19%
Quelle célébrité gagne avec Chloé la 1ère édition des duos de choc Stéphane Plaza
17%
Aucun quiz correspondant
Distribution des résultats
% des personnes avec chaque résultat
Percentile par nombre de réponses
Votre historique - résultats
Vous n’avez pas pris ce quiz